000 00968nam a2200253 i 4500
001 54640
003 ES-MaACL
005 20240510213342.0
007 t|
008 960709s1885 sp |||| | spa d
080 _a336.1/5(460)"18"
100 1 _aFuentes, Anselmo.
_952890
245 1 0 _aHacienda nacional y crédito público /
_cpor Anselmo Fuentes.
260 _aMadrid :
_b[s.n.],
_c1885 (
_fTip. de Manuel G. Hernández)
300 _a46 p. ;
_c22 cm.
530 _aDisponible en formato digital.
594 _aEn p. 5: Conferencia en el Ateneo [de Madrid] el 24 de febrero último
610 2 4 _aAteneo de Madrid-
_vConferencias-
_yS.XIX.
_91910
650 0 _aHacienda pública-
_zEspaña-
_yS.XIX
_9227084
650 4 _aDeuda pública-
_zEspaña.
_9135920
852 4 _aES-MaACL
_jT-435-F-5
_z- Dedicatoria autógrafa del autor
856 4 _uhttps://archive.org/details/haciendanacional00fuenuoft/page/n5
_zInternet Archive
999 _c54640
_d54640